Les 10 villes de France les plus peuplées 2025 - Statistiques

Statistiques générales
  • Ce quiz a été pris 188 fois
  • Le résultat moyen est 9 sur 10
Statistiques - réponses
Population Ville % Correct
2,2M Paris
100%
877K Marseille
99%
520K Lyon
98%
238K Lille
94%
265K Bordeaux
93%
511K Toulouse
90%
291K Strasbourg
89%
325K Nantes
84%
353K Nice
82%
307K Montpellier
72%
Aucun quiz correspondant
Distribution des résultats
% des personnes avec chaque résultat
Percentile par nombre de réponses
Votre historique - résultats
Vous n’avez pas pris ce quiz